1994 World Cup Winners - Brazil - Statistics

General Stats
  • This quiz has been taken 133 times
  • The average score is 12 of 22
Answer Stats
# Position Answer % Correct
11 FW Romário
95%
7 FW Bebeto
91%
14 DF Cafu
85%
1 GK Cláudio Taffarel
85%
8 MF Dunga
84%
20 FW Ronaldo
84%
6 DF Branco
63%
13 DF Aldair
60%
5 MF Mauro Silva
57%
10 MF Raí
55%
16 DF Leonardo
53%
17 MF Mazinho
52%
9 MF Zinho
51%
2 DF Jorginho
44%
15 DF Márcio Santos
44%
12 GK Zetti
40%
21 FW Viola
38%
3 DF Ricardo Rocha
37%
4 DF Ronaldão
35%
22 GK Gilmar Rinaldi
31%
19 FW Müller
28%
18 MF Paulo Sérgio
20%
No matching quizzes found
Score Distribution
Percent of People with Each Score
Percentile by Number Answered
Your Score History
You have not taken this quiz